000 01194nam a22003257a 4500
003 AR-RoUNA
005 20251112164907.0
008 251112b |||||||| |||| 00| 0 spa d
040 _aAR-RoUNA
_bspa
_dAR-RoUNA
041 _aspa
_hspa
044 _aag
100 1 _aBurgos, Juan Manuel
_927565
245 1 3 _aLa arquitectura en Buenos Aires en 1880 /
_cJuan Manuel Burgos (Conferencia dictada en Sociedad Cientifica Argentina en 1880); notas y comentarios: Ramon Gutierrez. Universidad Nacional del Nordeste
250 _a1a. ed.
260 _aResistencia, Chaco :
_bUniversidad Nacional del Nordeste,
_c1968
300 _ap.:22; (6 paginas s.n)
_bfot. byn.
_c33x21 cm
490 _a[Coleccion Jose Garcia Bryce]
610 4 _aUniversidad Nacional del Noroeste. Facultad de Ingenieria Vivienda y Planeamiento
_927566
610 4 _aCatedra de la Arquitectura de la Historia
_927567
611 _aCurso 5
_927568
650 4 _aArquitectura
650 4 _aHistoria
650 4 _aSiglo XIX
651 4 _aBuenos Aires, Argentina
_9193
908 _aImp
930 _e2167
942 _2ddc
_cLIB
945 _aMIA
_d2025-11-12
980 _61
_aMaricel Allasia
_81
_gMaricel Allasia
999 _c12241
_d12241